EMS\SCADA Új Rendszer Verzió Bevezetése Projekt Menedzsment Keretek Között Nagyvállalati Környezetben

Bibliographic Details
Main Author: Kovács Ádám
Other Authors: Dobák Dr. Dóra Éva
Format: Thesis
Kulcsszavak:üzemirányítás
projekt menedzsment módszertan
EMS, SCADA
Online Access:http://dolgozattar.uni-bge.hu/11693

MARC

LEADER 00000nta a2200000 i 4500
001 dolg11693
005 20170516133040.0
008 170516suuuu hu om 000 hun d
040 |a BGE Dolgozattár Repozitórium  |b hun 
041 |a hu 
100 1 |a Kovács Ádám 
245 1 0 |a EMS\SCADA Új Rendszer Verzió Bevezetése Projekt Menedzsment Keretek Között Nagyvállalati Környezetben  |c Kovács Ádám  |h [elektronikus dokumentum] 
695 |a üzemirányítás 
695 |a projekt menedzsment módszertan 
695 |a EMS, SCADA 
700 1 |a Dobák Dr. Dóra Éva  |e ths 
856 4 0 |u http://dolgozattar.uni-bge.hu/11693/1/Szakdolgozat_Kov%C3%A1cs%C3%81d%C3%A1m_XQ1IUS_v%C3%A9gleges.pdf  |z Dokumentum-elérés 
856 4 0 |u http://dolgozattar.uni-bge.hu/11693/2/titkos%C3%ADt%C3%A1si_k%C3%A9relem.pdf  |z Dokumentum-elérés